| 000 | 00000nam 2200000zi 4500 |
| 001 | 9.893527 |
| 003 | CaOODSP |
| 005 | 20230120154232 |
| 006 | m o d f |
| 007 | cr cn||||||||| |
| 008 | 201112t20202020onca obs f000 0 fre d |
| 020 | |a9780660362724 |
| 040 | |aCaOODSP|bfre|erda|cCaOODSP |
| 043 | |an-cn--- |
| 045 | |ay0y1 |
| 086 | 1 |aHP40-284/2018F-PDF |
| 245 | 00|aChlamydiose, gonorrhée et syphilis infectieuse au Canada (2018). |
| 264 | 1|a[Ottawa] : |bAgence de la santé publique du Canada = Public Health Agency of Canada, |c[2020] |
| 264 | 4|c©2020 |
| 300 | |a1 ressource en ligne (1 page) : |billustrations en couleur |
| 336 | |atexte|btxt|2rdacontent/fre |
| 337 | |ainformatique|bc|2rdamedia/fre |
| 338 | |aressource en ligne|bcr|2rdacarrier/fre |
| 500 | |aPublié aussi en anglais sous le titre : Chlamydia, gonorrhea and infectious syphilis in Canada (2018). |
| 500 | |a« Pub.: 200288. » |
| 500 | |aPublié aussi en format HTML. |
| 504 | |aComprend des références bibliographiques. |
| 650 | 6|aInfections à Chlamydia|zCanada|vStatistiques. |
| 650 | 6|aBlennorragie|zCanada|vStatistiques. |
| 650 | 6|aSyphilis|zCanada|vStatistiques. |
| 655 | 7|aStatistiques|2rvmgf |
| 710 | 2 |aAgence de santé publique du Canada, |eorganisme de publication. |
| 775 | 08|tChlamydia, gonorrhea and infectious syphilis in Canada (2018).|w(CaOODSP)9.893526 |
| 794 | |tChlamydia, gonorrhée et syphilis infectieuse au Canada, 2019.|w(CaOODSP)9.903794 |
| 795 | |tLa chlamydia, la gonorrhée et la syphilis infectieuse au Canada (2017).|w(CaOODSP)9.879834 |
| 856 | 40|qPDF|s262 Ko|uhttps://publications.gc.ca/collections/collection_2021/aspc-phac/HP40-284-2018-fra.pdf |
| 856 | 4 |qHTML|sS.O.|uhttps://www.canada.ca/fr/sante-publique/services/publications/maladies-et-affections/infections-transmissibles-sexuellement-canada-2018-infographie.html |